Vilfredo Pareto : (Record no. 5318)

MARC details
000 -LEADER
fixed length control field 00488nam a2200181 4500
005 - DATE AND TIME OF LATEST TRANSACTION
control field 20150416143224.0
008 - FIXED-LENGTH DATA ELEMENTS--GENERAL INFORMATION
fixed length control field 000
040 ## - CATALOGING SOURCE
Original cataloging agency UOEL
050 ## - LIBRARY OF CONGRESS CALL NUMBER
Classification number HM25
Item number .L66
100 ## - MAIN ENTRY--PERSONAL NAME
Personal name Lopreato, Joseph
110 ## - MAIN ENTRY--CORPORATE NAME
Corporate name or jurisdiction name as entry element 000
245 ## - TITLE STATEMENT
Title Vilfredo Pareto :
Remainder of title Selections from his Treatise with anintroductory essay /
Statement of responsibility, etc Joseph, Lopreato
260 ## - PUBLICATION, DISTRIBUTION, ETC. (IMPRINT)
Place of publication, distribution, etc New York ;
Name of publisher, distributor, etc Thomas Y. Crowell Company ,
Date of publication, distribution, etc c1965.
300 ## - PHYSICAL DESCRIPTION
Extent x, 161 p. :
500 ## - GENERAL NOTE
General note include equilipriaum
650 ## - SUBJECT ADDED ENTRY--TOPICAL TERM
General subdivision Sociology
942 ## - ADDED ENTRY ELEMENTS (KOHA)
Source of classification or shelving scheme Library of Congress Classification
Item type Loan - Normal on open shelf
Holdings
Withdrawn status Lost status Source of classification or shelving scheme Damaged status Not for loan Home library Current library Shelving location Date acquired Total Checkouts Full call number Barcode Date last seen Copy number Price effective from Koha item type
    Library of Congress Classification     UOE Main Library UOE Main Library Open shelf 16/04/2015   HM25 .L66 10065723 27/04/2026 10065723 16/04/2015 Loan - Normal on open shelf